मानवसेवी एनी बेसेंट/ (Record no. 84568)
[ view plain ]
| 000 -LEADER | |
|---|---|
| fixed length control field | 01356nam a22002537a 4500 |
| 005 - DATE AND TIME OF LATEST TRANSACTION | |
| control field | 20180228114120.0 |
| 010 ## - LCCN (DPL NO) | |
| LC control number | B-533185-186 HIN-105382 B-668665 |
| 020 ## - INTERNATIONAL STANDARD BOOK NUMBER | |
| International Standard Book Number | 9788177211795 |
| Terms of availability | 200.00 |
| 020 ## - INTERNATIONAL STANDARD BOOK NUMBER | |
| International Standard Book Number | 9788177211795 |
| Terms of availability | 250.00(अ.वि.) |
| 035 ## - SYSTEM CONTROL NUMBER | |
| System control number | B-533185-186 HN-77728 |
| 035 ## - SYSTEM CONTROL NUMBER | |
| System control number | B-668665 |
| 037 ## - SOURCE OF ACQUISITION | |
| Stock number | DPL/Ocean |
| 037 ## - SOURCE OF ACQUISITION | |
| Source of stock number/acquisition | DBAD/Pub. |
| 082 ## - DEWEY DECIMAL CLASSIFICATION NUMBER | |
| Classification number | 920 |
| 100 ## - MAIN ENTRY--PERSONAL NAME | |
| Personal name | भल्ला, प्रवीण |
| 245 ## - TITLE STATEMENT | |
| Title | मानवसेवी एनी बेसेंट/ |
| Statement of responsibility, etc | प्रवीण भल्ला |
| 246 ## - VARYING FORM OF TITLE | |
| Title proper/short title | Manavsevi Annie Besant |
| Remainder of title | by Parveen Bhalla |
| 260 ## - PUBLICATION, DISTRIBUTION, ETC. (IMPRINT) | |
| Place of publication, distribution, etc | दिल्ली |
| Name of publisher, distributor, etc | सत्साहित्य प्रकाशन |
| Date of publication, distribution, etc | 2013 |
| -- | 2017(अ.वि.) |
| 270 ## - ADDRESS | |
| Address | 205-बी चावडी बाज़ार |
| City | दिल्ली |
| Postal code | 110006 |
| 300 ## - PHYSICAL DESCRIPTION | |
| Extent | 150 पृ. |
| Dimensions | 21 से.मी.(सजिल्द) |
| 942 ## - ADDED ENTRY ELEMENTS (KOHA) | |
| Source of classification or shelving scheme | Dewey Decimal Classification |
| Item type | Hindi Books |
| Call number suffix | भल्लाप्र |
| Classification part | 920 |
| Withdrawn status | Lost status | Not for loan | Collection code | Home library | Current library | Date acquired | Source of acquisition | Cost, normal purchase price | Full call number | Barcode | Copy number | Cost, replacement price | Koha item type |
|---|---|---|---|---|---|---|---|---|---|---|---|---|---|
| Non-fiction | Ashok Vihar | Ashok Vihar | 28/02/2018 | ओशियन बुक्स/19703/4.3.17/510/16.2.17/18.3.17 | 250.00 | 920 भल्लाप्र | B-668665 | 1 | 250.00 | Hindi Books | |||
| Non-fiction | Central Library | Central Library | 10/06/2014 | ओशन बुक/बिल न. 19444/12.3.14/118/12.3.14/24.3.14 | 200.00 | 920 भल्लाप्र | B-533185 | 1 | 200.00 | Hindi Books | |||
| Not For Loan | Non-fiction | D.B.Act.Division | D.B.Act.Division | 13/04/2015 | DBAD / PUB | 200.00 | 920 भल्लाप्र | HN-77728 | 1 | 200.00 | Hindi Books | ||
| Non-fiction | Sarojini Nagar | Sarojini Nagar | 10/06/2014 | ओशन बुक/बिल न. 19444/12.3.14/118/12.3.14/24.3.14 | 200.00 | 920 भल्लाप्र | B-533186 | 1 | 200.00 | Hindi Books |
